| 000 | 00357nam a2200145Ia 4500 | ||
|---|---|---|---|
| 008 | 150301s2006 xx 000 0 und d | ||
| 082 |
_a610.7 _bT06U |
||
| 100 | _aURDEN, LINDE D. | ||
| 245 | _aTHETAN'S CRITICAL CARE NURSING | ||
| 250 | _a5TH | ||
| 260 |
_bMOSBY ST. LOUIS _c2006 |
||
| 300 | _a1247 | ||
| 650 | _aCRITICAL CARE NURSING | ||
| 942 |
_2ddc _cBK _01 |
||
| 999 |
_c6849 _d6849 |
||